Quantitative models for project planning, scheduling, and control / (Record no. 9553)
[ view plain ]
| 000 -LEADER | |
|---|---|
| fixed length control field | 00670pam a2200193 a 4500 |
| 003 - CONTROL NUMBER IDENTIFIER | |
| control field | OSt |
| 005 - DATE AND TIME OF LATEST TRANSACTION | |
| control field | 20251008163301.0 |
| 008 - FIXED-LENGTH DATA ELEMENTS--GENERAL INFORMATION | |
| fixed length control field | 920922s1993 ctua b 001 0 eng |
| 020 ## - INTERNATIONAL STANDARD BOOK NUMBER | |
| International Standard Book Number | 0899307302 |
| 040 ## - CATALOGING SOURCE | |
| Transcribing agency | MUST |
| 082 00 - DEWEY DECIMAL CLASSIFICATION NUMBER | |
| Classification number | 658.4 BAD 1993 |
| 100 1# - MAIN ENTRY--PERSONAL NAME | |
| Personal name | Badiru, Adedeji Bodunde, |
| 9 (RLIN) | 19443 |
| 245 10 - TITLE STATEMENT | |
| Title | Quantitative models for project planning, scheduling, and control / |
| Statement of responsibility, etc. | Adedeji Bodunde Badiru. |
| 260 ## - PUBLICATION, DISTRIBUTION, ETC. (IMPRINT) | |
| Place of publication, distribution, etc. | Westport, Conn. : |
| Name of publisher, distributor, etc. | Quorum Books, |
| Date of publication, distribution, etc. | 1993. |
| 300 ## - PHYSICAL DESCRIPTION | |
| Extent | xiv, 355 p. : |
| Other physical details | ill. ; |
| Dimensions | 25 cm. |
| 504 ## - BIBLIOGRAPHY, ETC. NOTE | |
| Bibliography, etc | Includes bibliographical references (p. [329]-350) and index. |
| 650 #0 - SUBJECT ADDED ENTRY--TOPICAL TERM | |
| Topical term or geographic name as entry element | Project management |
| General subdivision | Planning |
| -- | Mathematical models. |
| 9 (RLIN) | 19444 |
| 942 ## - ADDED ENTRY ELEMENTS (KOHA) | |
| Source of classification or shelving scheme | Dewey Decimal Classification |
| Koha item type | Open Shelf |
| Withdrawn status | Lost status | Source of classification or shelving scheme | Damaged status | Not for loan | Home library | Current library | Date acquired | Source of acquisition | Inventory number | Total Checkouts | Full call number | Barcode | Date last seen | Price effective from | Koha item type |
|---|---|---|---|---|---|---|---|---|---|---|---|---|---|---|---|
| Dewey Decimal Classification | MUST Main Library | MUST Main Library | 08/10/2025 | Purchase | 98/11895 | 658.4 BAD 1993 | 2025-0104 | 08/10/2025 | 08/10/2025 | Open Shelf |
